Giáo trình lí luận dạy học vật lý 2

VL Phương pháp dạy học Vật lý ở trường THCS

Đã lưu trong:
Bibliografiske detaljer
Hovedforfatter: Nguyễn, Đức Thâm
Andre forfattere: Phạm, Thị Ngọc Thắng
Format: Bog
Sprog:Undetermined
Udgivet: H. ĐHSP 2007
Fag:
Online adgang:http://lrc.tdmu.edu.vn/opac/search/detail.asp?aID=2&ID=5681
Tags: Tilføj Tag
Ingen Tags, Vær først til at tagge denne postø!
Thư viện lưu trữ: Trung tâm Học liệu Trường Đại học Thủ Dầu Một
LEADER 00753nam a2200217Ia 4500
001 TDMU_5681
008 210410s9999 xx 000 0 und d
082 |a 530.071 
090 |b NG525 
100 |a Nguyễn, Đức Thâm 
245 0 |a Giáo trình lí luận dạy học vật lý 2 
245 0 |c Nguyễn Đức Thâm 
260 |a H. 
260 |b ĐHSP 
260 |c 2007 
300 |a 151tr. 
520 |a VL Phương pháp dạy học Vật lý ở trường THCS 
650 |a Vật lý  |x Dạy và học  |x Lý luận 
700 |a Phạm, Thị Ngọc Thắng 
856 |u http://lrc.tdmu.edu.vn/opac/search/detail.asp?aID=2&ID=5681 
980 |a Trung tâm Học liệu Trường Đại học Thủ Dầu Một